000 00355nam a2200133Ia 4500
008 240624s9999 xx 000 0 und d
041 _aeng
082 _a338.7 LOW
100 _aLOWE JANET
245 _aJACK WELCH SPEAKS WIT AND WISDOM FROM TH
260 _c2008
_aNew Jersey
_bJohn Wiley and Sons
300 _axi, : 288 : p. : cm. ; 19
365 _c
_b30
999 _c12753
_d12753